Detalles MARC
| 000 -LEADER |
| fixed length control field |
02377nam a2200421Ii 4500 |
| 001 - CONTROL NUMBER |
| control field |
DIGBN02697 |
| 003 - CONTROL NUMBER IDENTIFIER |
| control field |
NyNyDIG |
| 006 - FIXED-LENGTH DATA ELEMENTS--ADDITIONAL MATERIAL CHARACTERISTICS |
| fixed length control field |
m o d |
| 007 - PHYSICAL DESCRIPTION FIXED FIELD--GENERAL INFORMATION |
| fixed length control field |
cr ||||||||||| |
| 008 - FIXED-LENGTH DATA ELEMENTS--GENERAL INFORMATION |
| fixed length control field |
101005s2006 sp o 000 0 spa d |
| 020 ## - INTERNATIONAL STANDARD BOOK NUMBER |
| Canceled/invalid ISBN |
8497425596 |
| 020 ## - INTERNATIONAL STANDARD BOOK NUMBER |
| Canceled/invalid ISBN |
9788497425599 |
| 035 ## - SYSTEM CONTROL NUMBER |
| System control number |
(OCoLC)654706033 |
| 040 ## - CATALOGING SOURCE |
| Original cataloging agency |
DGITA |
| Language of cataloging |
eng |
| Description conventions |
pn |
| Transcribing agency |
DGITA |
| 043 ## - GEOGRAPHIC AREA CODE |
| Geographic area code |
e-sp--- |
| 050 14 - LIBRARY OF CONGRESS CALL NUMBER |
| Classification number |
PN5317.P6 eBook |
| 100 1# - MAIN ENTRY--PERSONAL NAME |
| Personal name |
Checa Godoy, Antonio, |
| Dates associated with a name |
1946- |
| 245 13 - TITLE STATEMENT |
| Title |
El ejercicio de la libertad : |
| Remainder of title |
la prensa española en el Sexenio Revolucionario (1867-1874) / |
| Statement of responsibility, etc. |
Antonio Checa Godoy. |
| 264 #1 - PRODUCTION, PUBLICATION, DISTRIBUTION, MANUFACTURE, AND COPYRIGHT NOTICE |
| Place of production, publication, distribution, manufacture |
Madrid : |
| Name of producer, publisher, distributor, manufacturer |
Biblioteca Nueva, |
| Date of production, publication, distribution, manufacture, or copyright notice |
c2006. |
| 300 ## - PHYSICAL DESCRIPTION |
| Extent |
1 online resource (379 pages) |
| 336 ## - CONTENT TYPE |
| Content type term |
text |
| Content type code |
txt |
| Source |
rdacontent |
| 337 ## - MEDIA TYPE |
| Media type term |
computer |
| Media type code |
c |
| Source |
rdamedia |
| 338 ## - CARRIER TYPE |
| Carrier type term |
online resource |
| Carrier type code |
cr |
| Source |
rdacarrier |
| 490 1# - SERIES STATEMENT |
| Series statement |
Colección Historia Biblioteca Nueva |
| 504 ## - BIBLIOGRAPHY, ETC. NOTE |
| Bibliography, etc. note |
Includes bibliographical references (p. 339-349). |
| 505 0# - FORMATTED CONTENTS NOTE |
| Formatted contents note |
Introducción -- Primera parte. Las familias políticas y su prensa -- 1. El marco -- 2. Geografía de la prensa del sexenio -- 3. Los protagonistas de la revolución -- 4. Las nuevas fuerzas políticas -- 5. El bienio amadeísta, 1871-1872 -- 6. Contra la revolución -- 7. Los extramuros del sistema -- 8. Nacidos para corta vida -- 9. La prensa especializada -- Segunda parte. La prensa política en la corte -- 10. Una prensa influyente para todo el estado -- Tercera parte. Un análisis por comunidades -- 11. Andalucía -- 12. Aragón -- 13. Asturias -- 14. Baleares -- 15. Canarias -- 16. Cantabria -- 17. Castilla y León -- 18. Castilla-la Mancha -- 19. Cataluña -- 20. Ceuta -- 21. Extremadura -- 22. Galicia -- 23. Murcia -- 24. Navarra -- 25. País Vasco -- 26. La Rioja -- 27. Valencia -- Fuentes -- Índice de cuadros -- Censo de títulos del sexenio. |
| 650 #0 - SUBJECT ADDED ENTRY--TOPICAL TERM |
| Topical term or geographic name entry element |
Press and politics |
| Geographic subdivision |
Spain |
| General subdivision |
History |
| Chronological subdivision |
19th century. |
| 650 #0 - SUBJECT ADDED ENTRY--TOPICAL TERM |
| Topical term or geographic name entry element |
Press |
| Geographic subdivision |
Spain |
| General subdivision |
History |
| Chronological subdivision |
19th century. |
| 651 #0 - SUBJECT ADDED ENTRY--GEOGRAPHIC NAME |
| Geographic name |
Spain |
| General subdivision |
History |
| Chronological subdivision |
Revolutionary period, 1868-1875. |
| 655 #0 - INDEX TERM--GENRE/FORM |
| Genre/form data or focus term |
Electronic books. |
| 700 1# - ADDED ENTRY--PERSONAL NAME |
| Personal name |
Sánchez Recio, Glicerio. |
| 791 2# - |
| -- |
Digitalia (Firm), |
| -- |
distributor. |
| 793 0# - |
| -- |
Digitalia eBook Collection: |
| -- |
Biblioteca Nueva |
| 830 #0 - SERIES ADDED ENTRY--UNIFORM TITLE |
| Uniform title |
Colección Historia (Biblioteca Nueva (Firm)). |
| 856 40 - ELECTRONIC LOCATION AND ACCESS |
| Materials specified |
Digitalia Hispánica |
| Uniform Resource Identifier |
<a href="https://www.digitaliapublishing.com/a/5328/">https://www.digitaliapublishing.com/a/5328/</a> |
| 910 ## - USER-OPTION DATA (OCLC) |
| User-option data |
Premium Collection: 2007-2012 |
| 942 ## - ADDED ENTRY ELEMENTS (KOHA) |
| Koha item type |
Recurso Electrónico |